[Event "12th Asrian Memorial 2019"]
[Site "Yerevan"]
[Date "2019.06.12"]
[Round "2.13"]
[White "Avetisyan, Mariam"]
[Black "Shahinyan, David"]
[Result "0-1"]
[WhiteElo "2119"]
[BlackElo "2429"]
[Annotator "TA"]
[PlyCount "134"]
[EventDate "2019.06.11"]
[EventType "swiss"]
[EventCountry "ARM"]
[SourceTitle "playchess.com"]
[Source "ChessBase"]
[SourceQuality "1"]

{[%evp 15,134,-8,0,-33,10,-5,16,16,16,5,12,-14,0,-32,-11,-23,-19,-25,-24,-27,0,-47,-43,-96,-33,-25,-22,-15,-20,-25,0,5,0,0,14,0,25,0,0,-12,-12,-8,0,0,0,0,0,0,0,0,0,-13,-13,-19,-19,-40,-53,-78,-87,-46,-66,-56,-64,-103,-86,-86,-89,-90,-90,-152,-90,-90,-90,-80,-60,-59,-8,-8,-8,-8,-8,-8,-8,-22,-8,-8,-8,-8,-8,-8,-8,-8,0,0,0,0,0,0,0,0,0,0,0,0,0,0,0,0,0,7,7,-29983,-29984,-29984,-29985,-29986,-29987,-29987,-29988,-29988,-29989]} 1. e4 d6 2. d4 Nf6 3. Nc3 e5 4. dxe5 dxe5 5. Qxd8+ Kxd8 6. Bg5 Be6 7. O-O-O+ Nbd7 8. Nf3 Kc8 9. a3 {B07: Pirc Defence: Miscellaneous Systems} (9. Bh4 h6 10. Bxf6 gxf6 11. Nh4 c6 12. Kb1 Kc7 13. Ne2 Bc5 14. f3 Nf8 15. Ng3 Ng6 16. Ngf5 Rad8 17. Rxd8 Rxd8 {0-1 (29) Babarykin,S (2411)-Savchenko,B (2562) Moscow 2019}) 9... a6 10. Be2 Bd6 11. h3 {The position is equal.} h6 12. Be3 $146 ({Predecessor:} 12. Bh4 g5 13. Bg3 Rg8 14. Rd2 Nh5 15. Rhd1 Nf4 16. Bxf4 exf4 {½-½ (63) Hundehege,T (1677)-Overesch,D (1657) Germany 2013}) 12... b5 13. Nh4 g6 14. Bf3 Be7 15. Nf5 Bf8 16. g4 c6 17. Ng3 a5 18. Nd5 Ne8 19. Bg2 (19. Nb6+ $15 Nxb6 20. Bxb6) 19... f6 ({Black should try} 19... h5 $17 20. Bf3 Kb7) 20. Nb6+ $1 $15 Nxb6 21. Bxb6 Kb7 22. Be3 b4 23. a4 Nd6 24. b3 Nf7 25. Rd2 Be7 26. Rhd1 {Hoping for Rd7+!} Rad8 27. Rxd8 Bxd8 28. f3 Bb6 29. Bxb6 Kxb6 30. h4 h5 31. gxh5 gxh5 32. Bf1 Kc7 33. Bd3 Nd6 34. Rf1 Kd7 35. Kd2 Rg8 36. Rg1 c5 $36 {[%mdl 2048] Black is really pushing.} 37. Ke3 c4 38. bxc4 Bxc4 39. Ne2 Rxg1 40. Nxg1 $17 {[%mdl 4096] Endgame KBN-KBN} Bf7 41. Ne2 Kc6 42. Nc1 {[#]} (42. Kd2 $142) 42... Kb6 (42... Be8 $142 $1 43. c3 Kb6) 43. Ne2 Kc5 44. Kd2 Be8 45. Ng3 Nc4+ ({Better is} 45... Bg6 $15) 46. Bxc4 $1 $11 Kxc4 {KB-KN} 47. Nf5 $1 {[%cal Rf5d6]} Bxa4 48. Ng7 Bc6 {aiming for ...a4.} 49. Nxh5 a4 50. Ng3 $1 a3 51. Kc1 Bb5 {...Kc3 is the strong threat.} 52. Nf5 $1 Kc3 {( -> ...a2)} 53. Ne3 $1 Be2 (53... Be8 $5 54. Nd5+ $8 Kd4 $11) 54. Nd5+ Kd4 55. Nxf6 Bxf3 (55... Bc4 $5 56. Kb1 $8 Kc3 $11) 56. h5 $1 {[%cal Rh5h6] [#] Threatens to win with h6.} Bxh5 $1 {[%mdl 512]} 57. Nxh5 {Strongly threatening Nf6.} Kxe4 {KN-K3P} 58. Ng3+ Kf3 59. Nf5 e4 60. Nd4+ $1 Ke3 (60... Kf2 $5 61. Nc6 $8 e3 62. Nxb4 e2 63. Nd3+ Ke3 $11) 61. Nc6 {[#]} b3 $1 {[%mdl 512]} 62. cxb3 {KN-KPP} Kd3 63. Kb1 $2 {[%mdl 8192]} (63. Ne5+ $11 Kd4 64. Nc4) 63... e3 {Black mates.} 64. Nb4+ Kd2 65. Nc2 e2 66. b4 {[#]} a2+ $1 {[%mdl 512]} 67. Kb2 {[#]} (67. Kxa2 Kxc2) 67... a1=Q+ $1 {[%mdl 576] Promotion. Accuracy: White = 52%, Black = 56%.} 0-1

[Event "12th Asrian Memorial 2019"]
[Site "Yerevan"]
[Date "2019.06.13"]
[Round "3.1"]
[White "Shahinyan, David"]
[Black "Onischuk, Vladimir"]
[Result "0-1"]
[WhiteElo "2429"]
[BlackElo "2630"]
[Annotator "RC"]
[PlyCount "164"]
[EventDate "2019.06.11"]
[EventType "swiss"]
[EventCountry "ARM"]
[SourceTitle "playchess.com"]
[Source "ChessBase"]
[SourceQuality "1"]
[TimeControl "40/5400+30:1800+30"]

1. Nf3 {[%emt 0:01:06]} g6 {[%emt 0:00:00]} 2. g3 {[%emt 0:00:25]} Bg7 {[%emt 0:00:00]} 3. d4 {[%emt 0:00:23]} Nf6 {[%emt 0:00:17]} 4. Bg2 {[%emt 0:00:11]} O-O {[%emt 0:00:07]} 5. O-O {[%emt 0:00:28]} d6 {[%emt 0:00:05]} 6. c4 {[%emt 0:00:43]} c6 {[%emt 0:00:33]} 7. Nc3 {[%emt 0:01:50]} a6 {[%emt 0:00:09]} 8. e4 {[%emt 0:00:34]} Bg4 {[%emt 0:00:43]} 9. Qb3 {[%emt 0:01:24]} Qc7 {[%emt 0:07:50]} 10. Be3 {[%emt 0:03:25]} Bxf3 {[%emt 0:03:33]} 11. Bxf3 {[%emt 0:00:09]} Nbd7 {[%emt 0:02:04]} 12. Rfd1 {[%emt 0:00:27]} Rfd8 {[%emt 0:08:48]} 13. Rac1 {[%emt 0:13:50]} e5 {[%emt 0:12:35]} 14. dxe5 {[%emt 0:09:01]} Nxe5 {[%emt 0:06:31]} 15. Be2 {[%emt 0:04:10]} Qe7 {[%emt 0:03:04]} 16. f4 {[%emt 0:08:44]} Ned7 {[%emt 0:04:15]} 17. Bf3 {[%emt 0:01:51]} Nc5 {[%emt 0:04:36]} 18. Bxc5 {[%emt 0:06:06]} dxc5 {[%emt 0:00:10]} 19. e5 {[%emt 0:03:09]} Ne8 {[%emt 0:00:11]} 20. Ne4 {[%emt 0:14:09]} f5 {[%emt 0:02:02]} 21. exf6 {[%emt 0:01:53]} Rxd1+ {[%emt 0:01:46]} 22. Rxd1 {[%emt 0:00:42]} Nxf6 {[%emt 0:00:08]} 23. Nd6 {[%emt 0:04:27]} Rb8 {[%emt 0:20:03]} 24. Bxc6 {[%emt 0:00:59]} Ng4 {[%emt 0:00:43]} 25. Bd5+ {[%emt 0:04:49]} Kf8 {[%emt 0:00:51]} 26. Ne4 {[%emt 0:00:32]} Bd4+ {[%emt 0:02:57]} 27. Rxd4 {[%emt 0:00:01]} cxd4 {[%emt 0:00:05]} 28. Qd1 {[%emt 0:00:11]} h5 {[%emt 0:05:40]} 29. Qxd4 {[%emt 0:05:51]} Qg7 {[%emt 0:01:26]} 30. Qb6 {[%emt 0:00:56]} Re8 {[%emt 0:02:17]} 31. h3 {[%emt 0:00:08]} Nh6 {[%emt 0:00:35]} 32. Qd6+ {[%emt 0:08:08]} Qe7 {[%emt 0:00:04]} 33. Qxg6 {[%emt 0:00:05]} Qg7 {[%emt 0:00:04]} 34. Qd6+ {[%emt 0:00:26]} Re7 {[%emt 0:00:04]} 35. Qb8+ {[%emt 0:02:15]} Re8 {[%emt 0:00:16]} 36. Qd6+ {[%emt 0:00:02]} Re7 {[%emt 0:00:09]} 37. g4 {[%emt 0:01:28]} Qd4+ {[%emt 0:05:09]} 38. Kh2 {[%emt 0:00:40]} Nf7 {[%emt 0:01:34]} 39. Qc5 {[%emt 0:02:29]} Qxb2+ {[%emt 0:01:56]} 40. Kg3 {[%emt 0:00:00]} b6 {[%emt 0:00:00]} 41. Qc8+ {[%emt 0:01:41]} Kg7 {[%emt 0:06:42]} 42. Qf5 {[%emt 0:01:22]} hxg4 {[%emt 0:07:27]} 43. hxg4 {[%emt 0:04:19]} Qa1 {[%emt 0:00:56]} 44. g5 {[%emt 0:04:25]} Qg1+ {[%emt 0:04:47]} 45. Kf3 {[%emt 0:00:04]} Qf1+ {[%emt 0:05:38]} 46. Nf2 {[%emt 0:00:43]} Qe2+ {[%emt 0:00:08]} 47. Kg2 {[%emt 0:00:04]} Qb2 {[%emt 0:01:06]} 48. Be4 {[%emt 0:00:01]} Qd4 {[%emt 0:01:31]} 49. Bd3 {[%emt 0:08:13]} Nd6 {[%emt 0:05:16]} 50. Qg6+ {[%emt 0:00:39]} Kf8 {[%emt 0:00:09]} 51. f5 {[%emt 0:00:17]} Rg7 {[%emt 0:03:31]} 52. Qh6 {[%emt 0:00:02]} Nf7 {[%emt 0:00:28]} 53. Qh2 {[%emt 0:09:38]} Rxg5+ {[%emt 0:00:09]} 54. Kf3 {[%emt 0:00:04]} Kg7 {[%emt 0:01:52]} 55. Qc7 {[%emt 0:01:07]} Rg1 {[%emt 0:02:41]} 56. Be4 {[%emt 0:02:10]} Qd6 {[%emt 0:00:30]} 57. Qb7 {[%emt 0:01:49]} Qg3+ {[%emt 0:01:04]} 58. Ke2 {[%emt 0:00:01]} Qc3 {[%emt 0:00:36]} 59. Bd3 {[%emt 0:00:22]} Qe1+ {[%emt 0:00:39]} 60. Kf3 {[%emt 0:00:01]} Qe5 {[%emt 0:00:17]} 61. Ne4 {[%emt 0:01:59]} Qxf5+ {[%emt 0:00:05]} 62. Ke3 {[%emt 0:00:05]} Qe6 {[%emt 0:00:54]} 63. Qd5 {[%emt 0:01:20]} Qh6+ {[%emt 0:00:35]} 64. Kd4 {[%emt 0:00:11]} Qf4 {[%emt 0:00:50]} 65. Kc3 {[%emt 0:00:43]} Rc1+ {[%emt 0:00:38]} 66. Kb3 {[%emt 0:01:27]} Qe5 {[%emt 0:00:17]} 67. Qd7 {[%emt 0:00:09]} Rg1 {[%emt 0:00:26]} 68. Qh3 {[%emt 0:01:25]} Qd4 {[%emt 0:00:32]} 69. Nc3 {[%emt 0:00:01]} Rg5 {[%emt 0:00:32]} 70. Qh7+ {[%emt 0:01:16]} Kf8 {[%emt 0:00:06]} 71. Bg6 {[%emt 0:00:01]} Qg7 {[%emt 0:00:38]} 72. Qxg7+ {[%emt 0:00:33]} Kxg7 {[%emt 0:00:04]} 73. Bxf7 {[%emt 0:00:13]} Kxf7 {[%emt 0:00:15]} 74. Nd5 {[%emt 0:01:48]} b5 {[%emt 0:00:42]} 75. Kb4 {[%emt 0:00:35]} Rg4 {[%emt 0:00:32]} 76. Nb6 {[%emt 0:00:00]} Ke7 {[%emt 0:00:52]} 77. Kc5 {[%emt 0:00:01]} Rg5+ {[%emt 0:00:31]} 78. Kb4 {[%emt 0:01:26]} Kd6 {[%emt 0:00:17]} 79. a4 {[%emt 0:00:29]} Kc6 {[%emt 0:00:27]} 80. Nd5 {[%emt 0:00:32]} a5+ {[%emt 0:00:12]} 81. Kc3 {[%emt 0:00:30]} Rg3+ {[%emt 0:00:09]} 82. Kd4 {[%emt 0:00:16]} Rg4+ {[%emt 0:00:10]} 0-1

[Event "12th Asrian Memorial 2019"]
[Site "Yerevan"]
[Date "2019.06.13"]
[Round "3.2"]
[White "Chibukhchian, Artur"]
[Black "Andriasian, Zaven"]
[Result "1/2-1/2"]
[WhiteElo "2374"]
[BlackElo "2600"]
[Annotator "RC"]
[PlyCount "43"]
[EventDate "2019.06.11"]
[EventType "swiss"]
[EventCountry "ARM"]
[SourceTitle "playchess.com"]
[Source "ChessBase"]
[SourceQuality "1"]
[TimeControl "40/5400+30:1800+30"]

1. Nf3 {[%emt 0:06:33]} Nf6 {[%emt 0:00:27]} 2. c4 {[%emt 0:00:09]} g6 {[%emt 0:00:42]} 3. Nc3 {[%emt 0:06:25]} Bg7 {[%emt 0:00:31]} 4. e4 {[%emt 0:01:57]} d6 {[%emt 0:00:27]} 5. d4 {[%emt 0:00:07]} O-O {[%emt 0:00:27]} 6. Be2 {[%emt 0:00:05]} Nbd7 {[%emt 0:00:24]} 7. O-O {[%emt 0:00:15]} e5 {[%emt 0:00:31]} 8. Be3 {[%emt 0:06:16]} exd4 {[%emt 0:01:47]} 9. Nxd4 {[%emt 0:00:55]} Re8 {[%emt 0:00:11]} 10. f3 {[%emt 0:05:07]} Nc5 {[%emt 0:01:36]} 11. Qd2 {[%emt 0:05:17]} Bd7 {[%emt 0:02:19]} 12. b4 {[%emt 0:04:13]} Ne6 {[%emt 0:03:45]} 13. Rad1 {[%emt 0:08:09]} a5 {[%emt 0:03:12]} 14. a3 {[%emt 0:03:03]} axb4 {[%emt 0:13:44]} 15. axb4 {[%emt 0:00:18]} Qe7 {[%emt 0:00:20]} 16. Ndb5 {[%emt 0:06:31]} Bxb5 {[%emt 0:02:39]} 17. cxb5 {[%emt 0:04:48]} Ra3 {[%emt 0:02:20]} 18. Nb1 {[%emt 0:08:01]} Ra1 {[%emt 0:10:35]} 19. Nc3 {[%emt 0:01:01]} Ra3 {[%emt 0:00:21]} 20. Nb1 {[%emt 0:01:28]} Ra1 {[%emt 0:05:59]} 21. Nc3 Ra3 22. Nb1 1/2-1/2

[Event "12th Asrian Memorial 2019"]
[Site "Yerevan"]
[Date "2019.06.13"]
[Round "3.3"]
[White "Kulaots, Kaido"]
[Black "Davtyan, Artur"]
[Result "1/2-1/2"]
[WhiteElo "2574"]
[BlackElo "2431"]
[Annotator "ChessBase"]
[PlyCount "106"]
[EventDate "2019.06.11"]
[EventType "swiss"]
[EventCountry "ARM"]
[SourceTitle "playchess.com"]
[Source "ChessBase"]
[SourceQuality "1"]
[TimeControl "40/5400+30:1800+30"]

1. Nf3 {[%emt 0:00:00]} d5 {[%emt 0:00:00]} 2. g3 {[%emt 0:00:00]} Nf6 {[%emt 0:00:01]} 3. Bg2 {[%emt 0:00:10]} e6 {[%emt 0:00:11]} 4. O-O {[%emt 0:00:16]} Be7 {[%emt 0:00:06]} 5. c4 {[%emt 0:02:11]} dxc4 {[%emt 0:00:27]} 6. Qc2 {[%emt 0:01:59]} c5 {[%emt 0:05:09]} 7. Na3 {[%emt 0:01:37]} Nc6 {[%emt 0:03:56]} 8. Nxc4 {[%emt 0:00:13]} O-O {[%emt 0:11:22]} 9. b3 {[%emt 0:00:57]} b5 {[%emt 0:10:26]} 10. Nce5 {[%emt 0:16:48]} Nb4 {[%emt 0:08:14]} 11. Qb1 {[%emt 0:02:47]} Bb7 {[%emt 0:00:19]} 12. Bb2 {[%emt 0:01:06]} Qb6 {[%emt 0:09:13]} 13. a3 {[%emt 0:14:49]} Nc6 {[%emt 0:09:36]} 14. Nxc6 {[%emt 0:01:17]} Bxc6 {[%emt 0:00:40]} 15. Qc2 {[%emt 0:02:21]} Rac8 {[%emt 0:09:06]} 16. d3 Rfd8 {[%emt 0:03:15]} 17. Rac1 {[%emt 0:07:21]} h6 {[%emt 0:00:56]} 18. Qb1 {[%emt 0:01:42]} Bd5 {[%emt 0:07:37]} 19. Nd2 {[%emt 0:23:08]} Qb7 {[%emt 0:00:32]} 20. Bf3 {[%emt 0:03:18]} Nd7 {[%emt 0:05:02]} 21. Rc2 {[%emt 0:02:36]} Rc7 {[%emt 0:00:52]} 22. Qa1 {[%emt 0:00:55]} Bf8 {[%emt 0:00:06]} 23. Rfc1 {[%emt 0:00:43]} Rdc8 {[%emt 0:00:14]} 24. e4 {[%emt 0:01:45]} Bc6 {[%emt 0:00:14]} 25. b4 {[%emt 0:01:04]} cxb4 {[%emt 0:09:31]} 26. axb4 {[%emt 0:00:16]} e5 {[%emt 0:03:26]} 27. d4 {[%emt 0:01:24]} Bxb4 {[%emt 0:01:38]} 28. Nb3 {[%emt 0:01:50]} Nb6 {[%emt 0:00:09]} 29. d5 {[%emt 0:01:39]} Be8 {[%emt 0:00:13]} 30. Rxc7 {[%emt 0:00:46]} Rxc7 {[%emt 0:00:01]} 31. Rxc7 {[%emt 0:01:15]} Qxc7 {[%emt 0:00:01]} 32. Bxe5 {[%emt 0:00:09]} Qc4 {[%emt 0:00:09]} 33. Bxg7 {[%emt 0:05:51]} Qxb3 {[%emt 0:01:03]} 34. Qf6 {[%emt 0:00:22]} Bf8 {[%emt 0:02:22]} 35. Bxf8 {[%emt 0:00:19]} Kxf8 {[%emt 0:00:01]} 36. Qxh6+ {[%emt 0:02:59]} Ke7 {[%emt 0:00:21]} 37. d6+ {[%emt 0:00:37]} Kd8 {[%emt 0:00:12]} 38. Qg5+ {[%emt 0:01:24]} Kc8 {[%emt 0:00:54]} 39. Bg4+ {[%emt 0:00:47]} Bd7 {[%emt 0:00:13]} 40. Qc5+ {[%emt 0:00:00]} Kb7 {[%emt 0:00:00]} 41. Bxd7 {[%emt 0:02:55]} Qb1+ {[%emt 0:00:22]} 42. Kg2 {[%emt 0:00:05]} Qxe4+ {[%emt 0:00:05]} 43. f3 {[%emt 0:02:26]} Qe2+ {[%emt 0:09:18]} 44. Kh3 {[%emt 0:00:18]} Nxd7 {[%emt 0:02:00]} 45. Qc7+ {[%emt 0:00:10]} Ka6 {[%emt 0:00:07]} 46. Qxd7 {[%emt 0:01:43]} Qxf3 {[%emt 0:01:05]} 47. Qc8+ {[%emt 0:06:43]} Kb6 {[%emt 0:04:28]} 48. Qc7+ {[%emt 0:00:16]} Ka6 {[%emt 0:00:01]} 49. Qc5 {[%emt 0:05:48]} f5 50. Qe5 {[%emt 0:03:19]} Qd1 {[%emt 0:19:02]} 51. Qe6 {[%emt 0:01:54]} Kb6 {[%emt 0:00:39]} 52. d7+ {[%emt 0:01:49]} Kc7 {[%emt 0:00:14]} 53. Qe5+ {[%emt 0:00:11]} Kc6 {[%emt 0:00:32]} 1/2-1/2

[Event "12th Asrian Memorial 2019"]
[Site "Yerevan"]
[Date "2019.06.13"]
[Round "3.4"]
[White "Baghdasaryan, Vahe"]
[Black "Harutyunian, Tigran K."]
[Result "1-0"]
[WhiteElo "2357"]
[BlackElo "2552"]
[Annotator "ChessBase"]
[PlyCount "93"]
[EventDate "2019.06.11"]
[EventType "swiss"]
[EventCountry "ARM"]
[SourceTitle "playchess.com"]
[Source "ChessBase"]
[SourceQuality "1"]
[TimeControl "40/5400+30:1800+30"]

1. Nf3 {[%emt 0:00:52]} d5 {[%emt 0:01:16]} 2. g3 {[%emt 0:00:42]} g6 {[%emt 0:01:10]} 3. Bg2 {[%emt 0:00:52]} Bg7 {[%emt 0:00:07]} 4. c4 {[%emt 0:01:48]} c6 {[%emt 0:03:43]} 5. O-O {[%emt 0:02:23]} e5 {[%emt 0:02:54]} 6. cxd5 {[%emt 0:04:41]} cxd5 {[%emt 0:00:45]} 7. d4 {[%emt 0:03:22]} e4 {[%emt 0:01:07]} 8. Ne1 {[%emt 0:01:59]} Nc6 {[%emt 0:01:45]} 9. e3 {[%emt 0:08:06]} Nge7 {[%emt 0:04:29]} 10. f3 {[%emt 0:01:09]} f5 {[%emt 0:10:36]} 11. fxe4 {[%emt 0:00:42]} fxe4 {[%emt 0:05:16]} 12. Nc3 {[%emt 0:02:10]} Be6 {[%emt 0:02:33]} 13. Qb3 {[%emt 0:23:02]} Qd7 {[%emt 0:03:43]} 14. Qa3 {[%emt 0:00:45]} Rd8 {[%emt 0:14:47]} 15. Bd2 {[%emt 0:12:17]} h5 {[%emt 0:01:18]} 16. Nc2 {[%emt 0:11:10]} h4 {[%emt 0:02:53]} 17. gxh4 {[%emt 0:00:33]} Nf5 {[%emt 0:03:50]} 18. Be1 {[%emt 0:01:37]} Bf8 {[%emt 0:01:20]} 19. Qa4 {[%emt 0:03:33]} Bd6 {[%emt 0:00:08]} 20. Bxe4 dxe4 {[%emt 0:03:14]} 21. d5 {[%emt 0:06:55]} Ne5 {[%emt 0:04:10]} 22. Qxe4 {[%emt 0:08:11]} Bf7 {[%emt 0:01:09]} 23. Nd4 {[%emt 0:00:08]} Qe7 {[%emt 0:02:56]} 24. Rxf5 {[%emt 0:02:17]} gxf5 {[%emt 0:06:55]} 25. Nxf5 {[%emt 0:00:01]} Bg6 {[%emt 0:07:03]} 26. Qa4+ {[%emt 0:00:06]} Qd7 {[%emt 0:00:04]} 27. Nxd6+ {[%emt 0:00:07]} Ke7 {[%emt 0:00:04]} 28. Qxd7+ {[%emt 0:00:26]} Kxd7 {[%emt 0:01:22]} 29. Nxb7 {[%emt 0:01:28]} Nf3+ {[%emt 0:02:42]} 30. Kg2 {[%emt 0:01:37]} Nxe1+ {[%emt 0:00:38]} 31. Rxe1 {[%emt 0:00:02]} Rdg8 {[%emt 0:00:06]} 32. e4 {[%emt 0:01:53]} Rxh4 {[%emt 0:04:10]} 33. Kf3 {[%emt 0:00:37]} Rxh2 {[%emt 0:04:27]} 34. Na4 {[%emt 0:00:31]} Rh3+ {[%emt 0:01:55]} 35. Kf4 {[%emt 0:00:47]} Rh4+ {[%emt 0:01:00]} 36. Ke5 {[%emt 0:00:29]} Re8+ {[%emt 0:00:14]} 37. Kf6 {[%emt 0:00:30]} Bxe4 {[%emt 0:00:12]} 38. Nac5+ {[%emt 0:00:11]} Kc7 {[%emt 0:00:18]} 39. d6+ {[%emt 0:00:12]} Kc6 {[%emt 0:00:18]} 40. Nxe4 {[%emt 0:00:00]} Rf4+ {[%emt 0:00:00]} 41. Kg5 {[%emt 0:01:46]} Rff8 {[%emt 0:03:25]} 42. Na5+ {[%emt 0:08:06]} Kb5 {[%emt 0:02:01]} 43. Nb3 {[%emt 0:00:37]} Kc4 {[%emt 0:05:03]} 44. d7 {[%emt 0:02:03]} Re5+ {[%emt 0:01:05]} 45. Kg4 {[%emt 0:01:05]} Rd5 {[%emt 0:05:21]} 46. Rc1+ {[%emt 0:00:44]} Kd3 {[%emt 0:01:10]} 47. Rc8 {[%emt 0:00:20]} 1-0

[Event "12th Asrian Memorial 2019"]
[Site "Yerevan"]
[Date "2019.06.13"]
[Round "3.5"]
[White "Gharibyan, Mamikon"]
[Black "Sargsyan, Shant"]
[Result "1/2-1/2"]
[WhiteElo "2320"]
[BlackElo "2512"]
[Annotator "ChessBase"]
[PlyCount "96"]
[EventDate "2019.06.11"]
[EventType "swiss"]
[EventCountry "ARM"]
[SourceTitle "playchess.com"]
[Source "ChessBase"]
[SourceQuality "1"]
[TimeControl "40/5400+30:1800+30"]

1. Nf3 {[%emt 0:00:00]} Nf6 {[%emt 0:00:42]} 2. c4 {[%emt 0:01:00]} g6 {[%emt 0:00:49]} 3. Nc3 {[%emt 0:04:35]} Bg7 {[%emt 0:01:09]} 4. e4 {[%emt 0:02:22]} e5 {[%emt 0:00:48]} 5. g3 {[%emt 0:19:09]} O-O {[%emt 0:03:39]} 6. Bg2 {[%emt 0:00:45]} d6 {[%emt 0:01:10]} 7. O-O {[%emt 0:00:56]} Bg4 {[%emt 0:03:34]} 8. d3 {[%emt 0:04:28]} Nc6 {[%emt 0:00:58]} 9. h3 {[%emt 0:09:29]} Bxf3 {[%emt 0:00:16]} 10. Qxf3 {[%emt 0:00:20]} Nd7 {[%emt 0:01:55]} 11. Rb1 {[%emt 0:08:31]} a5 {[%emt 0:05:35]} 12. h4 {[%emt 0:08:01]} Nc5 {[%emt 0:03:15]} 13. h5 {[%emt 0:05:51]} Nd4 {[%emt 0:05:26]} 14. Qd1 {[%emt 0:00:08]} c6 {[%emt 0:01:09]} 15. Ne2 {[%emt 0:05:51]} Nxe2+ {[%emt 0:04:23]} 16. Qxe2 {[%emt 0:00:05]} Ne6 {[%emt 0:01:44]} 17. hxg6 {[%emt 0:03:05]} fxg6 {[%emt 0:04:30]} 18. Be3 {[%emt 0:00:25]} Qf6 {[%emt 0:02:59]} 19. b4 {[%emt 0:06:27]} Rf7 {[%emt 0:21:45]} 20. Rfc1 {[%emt 0:09:19]} h5 {[%emt 0:09:08]} 21. Bh3 {[%emt 0:06:37]} Kh7 {[%emt 0:01:57]} 22. bxa5 {[%emt 0:01:36]} Rxa5 {[%emt 0:01:59]} 23. Bxe6 {[%emt 0:00:13]} Qxe6 {[%emt 0:00:07]} 24. Rb2 {[%emt 0:00:42]} d5 {[%emt 0:03:54]} 25. Rcb1 {[%emt 0:01:23]} d4 {[%emt 0:01:47]} 26. Bg5 {[%emt 0:00:19]} Ra7 {[%emt 0:00:50]} 27. Kg2 {[%emt 0:00:28]} Bh6 {[%emt 0:01:01]} 28. Bd8 {[%emt 0:01:10]} Ra8 {[%emt 0:01:08]} 29. Bb6 {[%emt 0:00:18]} Qe7 {[%emt 0:02:23]} 30. Qd1 {[%emt 0:00:37]} Ra3 {[%emt 0:00:44]} 31. Qe2 {[%emt 0:00:22]} Ra8 {[%emt 0:01:53]} 32. Qd1 {[%emt 0:00:19]} h4 {[%emt 0:01:34]} 33. Qg4 {[%emt 0:00:36]} hxg3 {[%emt 0:01:25]} 34. Qxg3 {[%emt 0:00:33]} Kg7 {[%emt 0:05:42]} 35. Rh1 {[%emt 0:00:21]} Rh8 {[%emt 0:01:17]} 36. Rbb1 {[%emt 0:00:45]} Rff8 {[%emt 0:01:56]} 37. Qg4 {[%emt 0:00:42]} Rf4 {[%emt 0:01:11]} 38. Qg3 {[%emt 0:00:12]} Rhf8 {[%emt 0:01:17]} 39. Rb2 {[%emt 0:00:36]} Bg5 {[%emt 0:01:58]} 40. Bc5 {[%emt 0:00:00]} Qxc5 {[%emt 0:00:00]} 41. Qxg5 {[%emt 0:00:57]} b5 {[%emt 0:07:18]} 42. Rh5 {[%emt 0:15:56]} R4f6 {[%emt 0:15:23]} 43. a4 {[%emt 0:08:05]} Qa3 {[%emt 0:05:54]} 44. Qh6+ {[%emt 0:00:53]} Kf7 {[%emt 0:00:00]} 45. Rxe5 {[%emt 0:00:11]} Kg8 {[%emt 0:00:05]} 46. Rg5 {[%emt 0:03:57]} Qxb2 {[%emt 0:00:44]} 47. Rxg6+ {[%emt 0:00:05]} Rxg6+ {[%emt 0:00:04]} 48. Qxg6+ {[%emt 0:00:05]} Kh8 {[%emt 0:00:01]} 1/2-1/2

[Event "12th Asrian Memorial 2019"]
[Site "Yerevan"]
[Date "2019.06.13"]
[Round "3.6"]
[White "Babujian, Levon"]
[Black "Vardanian, Haik G."]
[Result "0-1"]
[WhiteElo "2485"]
[BlackElo "2357"]
[Annotator "ChessBase"]
[PlyCount "124"]
[EventDate "2019.06.11"]
[EventType "swiss"]
[EventCountry "ARM"]
[SourceTitle "playchess.com"]
[Source "ChessBase"]
[SourceQuality "1"]
[TimeControl "40/5400+30:1800+30"]

1. d4 {[%emt 0:00:00]} Nf6 {[%emt 0:00:00]} 2. c4 {[%emt 0:00:00]} e6 {[%emt 0:00:00]} 3. Nc3 {[%emt 0:00:00]} Bb4 {[%emt 0:00:00]} 4. Nf3 {[%emt 0:00:00]} b6 {[%emt 0:00:11]} 5. Bg5 {[%emt 0:00:00]} Bb7 {[%emt 0:00:58]} 6. e3 {[%emt 0:00:30]} h6 {[%emt 0:00:37]} 7. Bh4 {[%emt 0:00:05]} g5 {[%emt 0:00:46]} 8. Bg3 {[%emt 0:00:05]} Ne4 {[%emt 0:00:11]} 9. Nd2 {[%emt 0:00:06]} Nxg3 {[%emt 0:01:50]} 10. hxg3 {[%emt 0:00:17]} Bxc3 {[%emt 0:00:06]} 11. bxc3 {[%emt 0:00:04]} Qe7 {[%emt 0:02:14]} 12. Qa4 {[%emt 0:03:41]} Bc6 {[%emt 0:03:20]} 13. Qb3 {[%emt 0:01:08]} d6 {[%emt 0:01:34]} 14. e4 {[%emt 0:01:33]} Nd7 {[%emt 0:01:06]} 15. O-O-O {[%emt 0:01:07]} O-O-O {[%emt 0:02:23]} 16. Bd3 {[%emt 0:00:13]} h5 {[%emt 0:01:45]} 17. Nf1 {[%emt 0:01:42]} g4 {[%emt 0:07:06]} 18. Ne3 {[%emt 0:05:54]} Qg5 19. Kb1 {[%emt 0:02:32]} Nf6 {[%emt 0:02:16]} 20. Qc2 {[%emt 0:00:30]} Kb8 {[%emt 0:03:19]} 21. Ka1 {[%emt 0:00:52]} h4 {[%emt 0:08:47]} 22. gxh4 {[%emt 0:00:48]} Rxh4 {[%emt 0:00:30]} 23. Rhe1 {[%emt 0:02:00]} g3 {[%emt 0:05:03]} 24. f3 {[%emt 0:00:30]} Nh5 {[%emt 0:00:51]} 25. c5 {[%emt 0:07:40]} dxc5 {[%emt 0:02:35]} 26. Ba6 {[%emt 0:01:27]} Nf4 {[%emt 0:04:52]} 27. Nc4 {[%emt 0:01:08]} Ng6 {[%emt 0:09:00]} 28. Na5 {[%emt 0:20:16]} Ba8 {[%emt 0:02:24]} 29. Qa4 {[%emt 0:01:41]} Ne7 {[%emt 0:01:19]} 30. dxc5 {[%emt 0:03:48]} Rhh8 {[%emt 0:00:52]} 31. e5 {[%emt 0:02:27]} Rxd1+ {[%emt 0:01:36]} 32. Qxd1 {[%emt 0:06:37]} Nc6 {[%emt 0:01:46]} 33. Nc4 {[%emt 0:00:47]} Qe7 {[%emt 0:01:11]} 34. cxb6 {[%emt 0:03:15]} axb6 {[%emt 0:00:08]} 35. Qe2 {[%emt 0:06:45]} Qc5 {[%emt 0:01:47]} 36. Qe3 {[%emt 0:02:59]} Qxe3 {[%emt 0:01:13]} 37. Rxe3 {[%emt 0:00:24]} Rh2 {[%emt 0:02:05]} 38. Re2 {[%emt 0:00:20]} Ne7 {[%emt 0:01:33]} 39. Ne3 {[%emt 0:00:13]} Nd5 {[%emt 0:01:10]} 40. Nxd5 {[%emt 0:00:00]} Bxd5 {[%emt 0:00:00]} 41. Bd3 {[%emt 0:08:15]} Bxf3 {[%emt 0:01:49]} 42. Re3 {[%emt 0:00:21]} Bxg2 {[%emt 0:01:26]} 43. Rxg3 {[%emt 0:00:06]} Bd5 {[%emt 0:01:35]} 44. c4 {[%emt 0:00:08]} Bc6 {[%emt 0:00:48]} 45. Rg8+ {[%emt 0:01:32]} Kb7 {[%emt 0:00:12]} 46. Rf8 {[%emt 0:00:17]} Rd2 {[%emt 0:03:33]} 47. Bb1 {[%emt 0:02:52]} Rd4 {[%emt 0:00:44]} 48. Rxf7 {[%emt 0:00:08]} Rxc4 {[%emt 0:00:14]} 49. Rf2 {[%emt 0:01:49]} Bd5 {[%emt 0:02:13]} 50. Bc2 {[%emt 0:00:18]} Rc3 {[%emt 0:01:44]} 51. Re2 {[%emt 0:00:24]} b5 {[%emt 0:00:08]} 52. Kb2 {[%emt 0:00:18]} b4 {[%emt 0:00:24]} 53. Ba4 {[%emt 0:05:46]} Kb6 {[%emt 0:00:45]} 54. Bd7 {[%emt 0:00:22]} c5 {[%emt 0:01:09]} 55. Rd2 {[%emt 0:01:35]} Kc7 {[%emt 0:02:28]} 56. Bb5 {[%emt 0:00:06]} c4 {[%emt 0:01:26]} 57. Re2 {[%emt 0:06:56]} Kb6 {[%emt 0:00:31]} 58. Ba4 {[%emt 0:00:11]} Ra3 {[%emt 0:00:37]} 59. Bd7 {[%emt 0:02:29]} Kc5 {[%emt 0:00:28]} 60. Kb1 {[%emt 0:00:09]} c3 {[%emt 0:00:40]} 61. Rh2 {[%emt 0:00:30]} Be4+ {[%emt 0:00:15]} 62. Kc1 {[%emt 0:00:35]} b3 {[%emt 0:00:17]} 0-1